[Event "Berlin Werner Ott op"]
[Site "Berlin"]
[Date "2023.07.21"]
[Round "7"]
[White "Roehr, Oliver"]
[Black "Noetzel, Felix"]
[Result "0-1"]
[WhiteElo "2139"]
[BlackElo "2114"]
[PlyCount "30"]
[EventDate "2023.07.15"]
[EventType "swiss"]
[EventRounds "9"]
[EventCountry "GER"]
[SourceTitle "EXT 2024"]
[Source "ChessBase"]
[SourceDate "2023.10.10"]
[SourceVersion "1"]
[SourceVersionDate "2023.10.10"]
[SourceQuality "1"]

1. e4 c5 2. Nf3 Nc6 3. Bb5 g6 4. 0-0 Bg7 5. c3 e5 6. d4 exd4 7. cxd4 cxd4 8. Bf4 Nge7 9. Bd6 0-0 10. Nbd2 a6 11. Bd3 b6 12. a4 Bb7 13. b4 Re8 14. Qb3 Nc8 15. Bg3 Qe7 0-1

[Event "GER CupT"]
[Site "Germany"]
[Date "2023.01.28"]
[Round "1.3"]
[White "Masio, Andreas"]
[Black "Roehr, Oliver"]
[Result "0-1"]
[WhiteElo "2010"]
[BlackElo "2086"]
[PlyCount "66"]
[EventDate "2023.01.28"]
[EventType "team-k.o."]
[EventRounds "4"]
[EventCountry "GER"]
[SourceTitle "EXT 2024"]
[Source "ChessBase"]
[SourceDate "2023.10.10"]
[SourceVersion "1"]
[SourceVersionDate "2023.10.10"]
[SourceQuality "1"]
[WhiteTeam "Bad Schwartau"]
[BlackTeam "Potsdam Mitte"]
[WhiteTeamCountry "GER"]
[BlackTeamCountry "GER"]

1. e4 c5 2. Nc3 d6 3. f4 g6 4. Nf3 Bg7 5. Bc4 Nc6 6. d3 Bd7 7. 0-0 Na5 8. Bb3 b5 9. Bd5 Rb8 10. f5 Nf6 11. Ng5 0-0 12. Qe1 gxf5 13. Qh4 e6 14. Bb3 c4 15. exf5 cxb3 16. fxe6 fxe6 17. Nce4 h6 18. axb3 Qb6+ 19. Be3 Qxe3+ 20. Kh1 hxg5 21. Nxg5 Qe2 22. Rf3 Bc6 23. Re1 Qd2 24. Rg1 Bxf3 25. gxf3 Rfe8 26. Qg3 Rb7 27. Qxd6 Qe3 28. Qg3 e5 29. Qh3 Rbe7 30. Qf5 Qf4 31. Qg6 Qh4 32. Rg3 Qh5 33. Qf5 Nh7 0-1

[Event "GER-chT U16"]
[Site "Kiel"]
[Date "2022.07.26"]
[Round "7.2"]
[White "Roehr, Oliver"]
[Black "Abed, Karim"]
[Result "1-0"]
[WhiteElo "2088"]
[BlackElo "1843"]
[PlyCount "67"]
[EventDate "2022.07.22"]
[EventType "team-swiss"]
[EventRounds "7"]
[EventCountry "GER"]
[SourceTitle "CBM 209 Extra"]
[Source "ChessBase"]
[SourceDate "2022.09.30"]
[SourceVersion "1"]
[SourceVersionDate "2022.09.30"]
[SourceQuality "1"]
[WhiteTeam "Berlin Mattnetz"]
[BlackTeam "Koenigsjaeger Sued West"]
[WhiteTeamCountry "GER"]
[BlackTeamCountry "GER"]

1. e4 d5 2. exd5 Nf6 3. d4 Bg4 4. Be2 Bxe2 5. Qxe2 Qxd5 6. Nf3 Qe4 7. Be3 e6 8. Nc3 Bb4 9. Qb5+ Nc6 10. Qxb7 Bxc3+ 11. bxc3 0-0 12. Qa6 Ne7 13. Qd3 Ned5 14. Kd2 c5 15. c4 Nb4 16. Qxe4 Nxe4+ 17. Kc1 cxd4 18. Nxd4 Rfc8 19. a3 Nc6 20. f3 Nd6 21. Nxc6 Rxc6 22. Rd1 Nxc4 23. Bxa7 Kf8 24. Rd7 Ke8 25. Rb7 Na5 26. Rab1 Nxb7 27. Rxb7 Rac8 28. Rb2 f6 29. Ra2 Ra6 30. Bf2 Kd7 31. Be1 Rc5 32. Bb4 Rg5 33. c4 Rc6 34. c5 1-0

[Event "GER-chT U16"]
[Site "Kiel"]
[Date "2022.07.25"]
[Round "6.3"]
[White "Gutewort, Paul Emil"]
[Black "Roehr, Oliver"]
[Result "0-1"]
[WhiteElo "1702"]
[BlackElo "2088"]
[PlyCount "60"]
[EventDate "2022.07.22"]
[EventType "team-swiss"]
[EventRounds "7"]
[EventCountry "GER"]
[SourceTitle "CBM 209 Extra"]
[Source "ChessBase"]
[SourceDate "2022.09.30"]
[SourceVersion "1"]
[SourceVersionDate "2022.09.30"]
[SourceQuality "1"]
[WhiteTeam "Berlin SF"]
[BlackTeam "Berlin Mattnetz"]
[WhiteTeamCountry "GER"]
[BlackTeamCountry "GER"]

1. c4 f5 2. g3 Nf6 3. Bg2 g6 4. Nc3 Bg7 5. Nf3 0-0 6. 0-0 d6 7. d4 c6 8. Re1 Ne4 9. Qc2 Nxc3 10. bxc3 e5 11. dxe5 dxe5 12. e4 f4 13. Ba3 Re8 14. Red1 Qf6 15. Rab1 b6 16. c5 b5 17. c4 a6 18. Bb2 Qe7 19. cxb5 axb5 20. Ra1 Ra4 21. Nd2 Bg4 22. Rdc1 Nd7 23. Bf1 Qf7 24. a3 fxg3 25. hxg3 Bh6 26. Re1 Rf8 27. Nb3 Bf3 28. Bd3 Qe6 29. Bc1 Qh3 30. Bf1 Qh1# 0-1

[Event "Berlin Werner Ott op"]
[Site "Berlin"]
[Date "2022.07.13"]
[Round "5"]
[White "Roehr, Oliver"]
[Black "Matthes, Aaron"]
[Result "0-1"]
[WhiteElo "2088"]
[BlackElo "2146"]
[PlyCount "100"]
[EventDate "2022.07.09"]
[EventType "swiss"]
[EventRounds "9"]
[EventCountry "GER"]
[SourceTitle "CBM 209 Extra"]
[Source "ChessBase"]
[SourceDate "2022.09.30"]
[SourceVersion "1"]
[SourceVersionDate "2022.09.30"]
[SourceQuality "1"]

1. e4 e5 2. Nf3 Nc6 3. d4 exd4 4. Nxd4 Nf6 5. Nxc6 bxc6 6. e5 Qe7 7. Qe2 Nd5 8. h4 f6 9. exf6 Qxe2+ 10. Bxe2 Nxf6 11. Bf4 Rb8 12. b3 Bd6 13. Bxd6 cxd6 14. Nd2 d5 15. 0-0-0 d6 16. Rhe1 0-0 17. Bf3 Bg4 18. Re7 Rf7 19. Rde1 Kf8 20. Rxf7+ Kxf7 21. Bxg4 Nxg4 22. Nf3 Kf6 23. Nd4 c5 24. Nc6 Rb7 25. Re8 Rc7 26. Nd8 Nxf2 27. Re6+ Kf5 28. Rxd6 d4 29. Ne6 Ne4 30. Ra6 Re7 31. Ng5 Nxg5 32. hxg5 Kxg5 33. Rc6 Kg4 34. Rxc5 g5 35. Kd2 h5 36. c3 dxc3+ 37. Rxc3 h4 38. b4 Re4 39. a3 Kf5 40. Rf3+ Kg4 41. b5 Kh5 42. Re3 Rg4 43. Re2 Rg3 44. Ke1 Rxa3 45. Kf2 g4 46. Re5+ Kg6 47. Rc5 Ra2+ 48. Kf1 g3 49. b6 Rf2+ 50. Kg1 Rb2 0-1

[Event "Berlin Werner Ott op"]
[Site "Berlin"]
[Date "2022.07.12"]
[Round "4"]
[White "Schliebener, Stephan"]
[Black "Roehr, Oliver"]
[Result "0-1"]
[WhiteElo "2107"]
[BlackElo "2088"]
[PlyCount "60"]
[EventDate "2022.07.09"]
[EventType "swiss"]
[EventRounds "9"]
[EventCountry "GER"]
[SourceTitle "CBM 209 Extra"]
[Source "ChessBase"]
[SourceDate "2022.09.30"]
[SourceVersion "1"]
[SourceVersionDate "2022.09.30"]
[SourceQuality "1"]

1. c4 f5 2. Nc3 Nf6 3. g3 g6 4. Bg2 Bg7 5. Nf3 0-0 6. 0-0 d6 7. d3 Nc6 8. Rb1 a5 9. a3 Nh5 10. d4 e5 11. Bg5 Qe8 12. Nb5 Qf7 13. d5 Na7 14. Nxa7 Rxa7 15. Be3 Ra8 16. Qb3 h6 17. Rfd1 a4 18. Qb4 b6 19. Bc1 f4 20. Nd2 g5 21. Ne4 g4 22. f3 Qg6 23. gxf4 gxf3 24. exf3 exf4 25. Re1 Bf5 26. Kh1 Rae8 27. Nf2 Ng3+ 28. hxg3 fxg3 29. Rxe8 gxf2 30. Rxf8+ Kxf8 0-1

[Event "Berlin Werner Ott op"]
[Site "Berlin"]
[Date "2022.07.10"]
[Round "2"]
[White "Ziese, Gerhard"]
[Black "Roehr, Oliver"]
[Result "0-1"]
[WhiteElo "1851"]
[BlackElo "2088"]
[PlyCount "142"]
[EventDate "2022.07.09"]
[EventType "swiss"]
[EventRounds "9"]
[EventCountry "GER"]
[SourceTitle "CBM 209 Extra"]
[Source "ChessBase"]
[SourceDate "2022.09.30"]
[SourceVersion "1"]
[SourceVersionDate "2022.09.30"]
[SourceQuality "1"]

1. d4 f5 2. e4 fxe4 3. Nc3 Nf6 4. Bg5 g6 5. f3 d5 6. fxe4 dxe4 7. Bxf6 exf6 8. Nxe4 Bh6 9. Bc4 Nc6 10. Nf3 f5 11. Ng3 Qe7+ 12. Qe2 Qxe2+ 13. Kxe2 Bd7 14. Rhe1 0-0-0 15. Kf2 Rhe8 16. c3 Bf4 17. Bf7 Rf8 18. Bb3 Rde8 19. Rxe8+ Rxe8 20. Re1 Na5 21. Bf7 Rf8 22. Be6 Rf6 23. Bg8 h6 24. b4 Nc6 25. Bb3 Kd8 26. d5 Ne7 27. Ne2 Bd6 28. Ned4 c6 29. dxc6 Nxc6 30. h3 Nxd4 31. Nxd4 a5 32. a3 Kc8 33. Bc4 Bc7 34. Nb5 Bb6+ 35. Kf1 f4 36. Rd1 f3 37. Nd6+ Kc7 38. Ne4 Rf4 39. Bd5 Bb5+ 40. c4 Bxc4+ 41. Bxc4 Rxe4 42. Bd5 fxg2+ 43. Kxg2 Re2+ 44. Kh1 Re3 45. bxa5 Bxa5 46. Rb1 b6 47. Rb3 Re2 48. Bf3 Ra2 49. Be4 g5 50. Bf3 Kd6 51. Bh5 Ke5 52. Rd3 Rb2 53. a4 Ra2 54. Be8 Bb4 55. Rg3 Bc5 56. Rg2 Ra1+ 57. Kh2 Be3 58. Re2 Ke4 59. Bc6+ Kd3 60. Bb5+ Kd4 61. Kg2 Ra3 62. Be8 Bf4 63. Bd7 Kc5 64. Re4 h5 65. Be8 Rg3+ 66. Kf2 Rxh3 67. Re6 g4 68. Rc6+ Kd5 69. Rf6 Be5 70. Bf7+ Kd4 71. Rh6 Rf3+ 0-1

[Event "Berlin-ch"]
[Site "Berlin"]
[Date "2022.04.22"]
[Round "8"]
[White "Roehr, Oliver"]
[Black "Acikel, Mert"]
[Result "0-1"]
[WhiteElo "2030"]
[BlackElo "2149"]
[PlyCount "120"]
[EventDate "2022.04.15"]
[EventType "swiss"]
[EventRounds "9"]
[EventCountry "GER"]
[SourceTitle "CBM 207 Extra"]
[Source "ChessBase"]
[SourceDate "2022.05.31"]
[SourceVersion "1"]
[SourceVersionDate "2022.05.31"]
[SourceQuality "1"]

1. e4 e5 2. Nf3 Nc6 3. d4 exd4 4. Nxd4 Bc5 5. Nb3 Bb6 6. Nc3 Nf6 7. Qe2 0-0 8. Bg5 h6 9. Bh4 a5 10. a4 Nd4 11. Qd3 Nxb3 12. cxb3 c6 13. 0-0-0 d5 14. Qc2 g5 15. Bg3 Be6 16. e5 Nd7 17. h4 Kg7 18. Kb1 Nc5 19. f4 Qd7 20. Ka2 Bf5 21. Qc1 g4 22. h5 Bd8 23. Nxd5 Nxb3 24. Qc3 Be6 25. Qxb3 cxd5 26. f5 Bxf5 27. Bb5 Qe6 28. Bd3 Bg5 29. Bxf5 Qxf5 30. Rxd5 Rfd8 31. Rb5 Rd3 32. e6 Rxb3 33. Rxf5 Rxg3 34. Rxf7+ Kg8 35. Rd1 Re3 36. Rdd7 Rxe6 37. Rg7+ Kf8 38. Rdf7+ Ke8 39. Rxb7 Re7 40. Rbxe7+ Bxe7 41. Rxg4 Ra6 42. Kb3 Rb6+ 43. Kc2 Rc6+ 44. Kd3 Rc5 45. b4 Rxh5 46. bxa5 Rxa5 47. Re4 Kf7 48. Ke3 h5 49. Kf3 Bg5 50. Rb4 Kg6 51. Rb6+ Bf6 52. Rb4 h4 53. g3 h3 54. g4 Rc5 55. Kg3 Rc3+ 56. Kf2 Rc2+ 57. Kg1 Kg5 58. a5 Kh4 59. g5+ Kg3 60. gxf6 Rc1# 0-1

[Event "Berlin-ch"]
[Site "Berlin"]
[Date "2022.04.16"]
[Round "2"]
[White "Roehr, Oliver"]
[Black "Boettcher, Patrick"]
[Result "1-0"]
[WhiteElo "2030"]
[BlackElo "2104"]
[PlyCount "57"]
[EventDate "2022.04.15"]
[EventType "swiss"]
[EventRounds "9"]
[EventCountry "GER"]
[SourceTitle "CBM 207 Extra"]
[Source "ChessBase"]
[SourceDate "2022.05.31"]
[SourceVersion "1"]
[SourceVersionDate "2022.05.31"]
[SourceQuality "1"]

1. e4 c5 2. Nf3 d6 3. d4 cxd4 4. Nxd4 Nf6 5. Nc3 a6 6. Bg5 e6 7. f4 Qb6 8. Qd3 Nc6 9. Bxf6 gxf6 10. Nb3 Bd7 11. Be2 h5 12. Rf1 0-0-0 13. 0-0-0 Be7 14. Kb1 h4 15. Qh3 Kb8 16. f5 Ne5 17. Nd4 Qc7 18. Rf4 b5 19. a3 Nc4 20. Bxc4 Qxc4 21. Rxh4 Rxh4 22. Qxh4 d5 23. fxe6 fxe6 24. exd5 exd5 25. Qg3+ Ka8 26. Qf3 Bc8 27. Nf5 Bxf5 28. Qxf5 Bxa3 29. Nxd5 1-0

[Event "Muensterland op 38th"]
[Site "Muenster"]
[Date "2021.10.15"]
[Round "9"]
[White "Stillger, Bernhard"]
[Black "Roehr, Oliver"]
[Result "1-0"]
[WhiteElo "2243"]
[BlackElo "2063"]
[PlyCount "37"]
[EventDate "2021.10.08"]
[EventType "swiss"]
[EventRounds "9"]
[EventCountry "GER"]
[SourceTitle "EXT 2023"]
[Source "ChessBase"]
[SourceDate "2022.10.05"]
[SourceVersion "1"]
[SourceVersionDate "2022.10.05"]
[SourceQuality "1"]

1. Nf3 c5 2. c4 Nf6 3. Nc3 d5 4. cxd5 Nxd5 5. e3 e6 6. d4 Be7 7. Bd3 0-0 8. 0-0 Nc6 9. a3 Bf6 10. Nxd5 Qxd5 11. Qc2 cxd4 12. Bxh7+ Kh8 13. Be4 Qd6 14. Bxc6 d3 15. Qc4 bxc6 16. e4 Rd8 17. e5 Bxe5 18. Nxe5 Qxe5 19. Qh4+ 1-0

[Event "Erfurt op-A 29th"]
[Site "Erfurt"]
[Date "2019.12.30"]
[Round "8"]
[White "Roehr, Oliver"]
[Black "Payyappat, Sayas"]
[Result "0-1"]
[WhiteElo "2028"]
[BlackElo "2166"]
[PlyCount "46"]
[EventDate "2019.12.26"]
[EventType "swiss"]
[EventRounds "8"]
[EventCountry "GER"]
[SourceTitle "CBM 194 Extra"]
[Source "ChessBase"]
[SourceDate "2020.03.31"]
[SourceVersion "1"]
[SourceVersionDate "2020.03.31"]
[SourceQuality "1"]

1. e4 e5 2. Nf3 Nc6 3. d4 exd4 4. Nxd4 Bc5 5. Nb3 Bb6 6. Nc3 d6 7. Qe2 Ne5 8. Be3 Be6 9. f4 Bc4 10. Qd2 Bxf1 11. Bxb6 Nc4 12. Qd4 Bxg2 13. Qxg7 axb6 14. 0-0-0 Qf6 15. Qxg2 Ne3 16. Qg3 Nxd1 17. Rxd1 Ne7 18. e5 dxe5 19. fxe5 Qh6+ 20. Kb1 Rd8 21. Rf1 Qh5 22. Ne4 Rd1+ 23. Nc1 Rxf1 0-1

[Event "Erfurt op-A 29th"]
[Site "Erfurt"]
[Date "2019.12.29"]
[Round "7"]
[White "Rensch, Toralf"]
[Black "Roehr, Oliver"]
[Result "1/2-1/2"]
[WhiteElo "2103"]
[BlackElo "2028"]
[PlyCount "23"]
[EventDate "2019.12.26"]
[EventType "swiss"]
[EventRounds "8"]
[EventCountry "GER"]
[SourceTitle "CBM 194 Extra"]
[Source "ChessBase"]
[SourceDate "2020.03.31"]
[SourceVersion "1"]
[SourceVersionDate "2020.03.31"]
[SourceQuality "1"]

1. e4 e5 2. Nc3 Nf6 3. f4 d5 4. fxe5 Nxe4 5. Nf3 Be7 6. d4 0-0 7. Bd3 f5 8. exf6 Bxf6 9. 0-0 Nc6 10. Nxe4 dxe4 11. Bxe4 Nxd4 12. c3 1/2-1/2

[Event "Erfurt op-A 29th"]
[Site "Erfurt"]
[Date "2019.12.29"]
[Round "6"]
[White "Roehr, Oliver"]
[Black "Behrens, Harald"]
[Result "1/2-1/2"]
[WhiteElo "2028"]
[BlackElo "2222"]
[PlyCount "75"]
[EventDate "2019.12.26"]
[EventType "swiss"]
[EventRounds "8"]
[EventCountry "GER"]
[SourceTitle "CBM 194 Extra"]
[Source "ChessBase"]
[SourceDate "2020.03.31"]
[SourceVersion "1"]
[SourceVersionDate "2020.03.31"]
[SourceQuality "1"]

1. e4 e6 2. d4 d5 3. Nd2 c5 4. exd5 exd5 5. Ngf3 Nc6 6. dxc5 Bxc5 7. Nb3 Bd6 8. Be2 Nge7 9. 0-0 0-0 10. Nbd4 Re8 11. a3 a6 12. c4 Nxd4 13. Qxd4 Nf5 14. Qd1 dxc4 15. Bxc4 Qc7 16. Ba2 Be6 17. h3 Rad8 18. Bxe6 Bh2+ 19. Nxh2 Rxd1 20. Bxf5 Ree1 21. Bf4 Rxf1+ 22. Nxf1 Rxf1+ 23. Rxf1 Qxf4 24. Bg4 g6 25. Re1 Kg7 26. b4 b6 27. Re3 Qd4 28. Be2 b5 29. g4 f5 30. gxf5 gxf5 31. Bf1 Kf6 32. Bg2 f4 33. Rf3 Kg5 34. Kh2 Kf5 35. Bh1 Qd1 36. Bg2 Ke4 37. Re3+ Kd4 38. Rf3 1/2-1/2

[Event "Berlin Lichtenrade op 15th"]
[Site "Berlin"]
[Date "2019.10.14"]
[Round "3"]
[White "Roehr, Oliver"]
[Black "Kraft, Adrian"]
[Result "1-0"]
[WhiteElo "1987"]
[BlackElo "1672"]
[PlyCount "65"]
[EventDate "2019.10.12"]
[EventType "swiss"]
[EventRounds "9"]
[EventCountry "GER"]
[SourceTitle "CBM 195 Extra"]
[Source "ChessBase"]
[SourceDate "2020.05.31"]
[SourceVersion "1"]
[SourceVersionDate "2020.05.31"]
[SourceQuality "1"]

1. e4 g6 2. d4 Bg7 3. Nc3 d6 4. Be3 Nf6 5. Qd2 0-0 6. Bh6 Nc6 7. Bxg7 Kxg7 8. 0-0-0 a6 9. d5 Ne5 10. Be2 b5 11. f4 Ned7 12. g4 b4 13. Na4 Kg8 14. Qe3 Nb6 15. Nxb6 cxb6 16. g5 Nd7 17. h4 Bb7 18. h5 Rc8 19. Qh3 Qc7 20. Rd2 Rfe8 21. hxg6 Nf8 22. gxf7+ Kxf7 23. Bh5+ Kg8 24. Bxe8 Rxe8 25. g6 Qc4 26. gxh7+ Kh8 27. Qg4 Ne6 28. Rg2 Qf1+ 29. Kd2 Qxf4+ 30. Qxf4 Nxf4 31. Rg4 e5 32. Ne2 Bc8 33. Nxf4 1-0

[Event "Oberliga Ost-A 1920"]
[Site "Germany"]
[Date "2019.09.29"]
[Round "1.6"]
[White "Stolz, Mike"]
[Black "Roehr, Oliver"]
[Result "1/2-1/2"]
[WhiteElo "2320"]
[BlackElo "1987"]
[PlyCount "117"]
[EventDate "2019.09.29"]
[EventType "team-tourn"]
[EventRounds "11"]
[EventCountry "GER"]
[SourceTitle "EXT 2021"]
[Source "ChessBase"]
[SourceDate "2020.10.23"]
[SourceVersion "1"]
[SourceVersionDate "2020.10.23"]
[SourceQuality "1"]
[WhiteTeam "Magdeburg Rochade"]
[BlackTeam "Magdeburg Aufbau Elbe II"]
[WhiteTeamCountry "GER"]
[BlackTeamCountry "GER"]

1. e4 e5 2. Nf3 Nc6 3. Bb5 Nge7 4. 0-0 g6 5. c3 Bg7 6. d4 exd4 7. cxd4 d5 8. exd5 Nxd5 9. Re1+ Be6 10. Bg5 Qd6 11. Qa4 0-0 12. Bxc6 Nb6 13. Qc2 bxc6 14. Nc3 Bf5 15. Qe2 Qd7 16. Qa6 Bg4 17. Ne5 Qxd4 18. Re4 Qc5 19. Be3 Qxe5 20. Rxe5 Bxe5 21. h3 Be6 22. Rd1 Nd5 23. Bd4 Bxd4 24. Rxd4 Nxc3 25. bxc3 c5 26. Rd2 c4 27. Qc6 Rfc8 28. Rb2 a6 29. g4 Rd8 30. Rd2 Rxd2 31. Qxa8+ Kg7 32. Qxa6 Rd1+ 33. Kh2 Rd2 34. Qa7 c5 35. Qxc5 Rxa2 36. Qe5+ Kg8 37. Qd4 Rb2 38. Kg3 Rb5 39. f4 h6 40. Kf3 h5 41. Qf6 Rd5 42. Ke4 Rb5 43. Qd8+ Kh7 44. Kd4 hxg4 45. hxg4 Kg7 46. Qa8 f5 47. Qe8 Rd5+ 48. Kxc4 Bf7 49. Qxf7+ Kxf7 50. Kxd5 fxg4 51. Ke4 g5 52. fxg5 Kg6 53. c4 g3 54. Ke3 Kxg5 55. c5 Kf5 56. c6 Ke6 57. c7 Kd7 58. Kf3 Kxc7 59. Kxg3 1/2-1/2

[Event "GER-ch U14"]
[Site "Willingen"]
[Date "2019.06.12"]
[Round "6"]
[White "Chassard, Cedric"]
[Black "Roehr, Oliver"]
[Result "1/2-1/2"]
[WhiteElo "1772"]
[BlackElo "1960"]
[PlyCount "109"]
[EventDate "2019.06.08"]
[EventType "swiss"]
[EventRounds "9"]
[EventCountry "GER"]
[SourceTitle "CBM 191 Extra"]
[Source "ChessBase"]
[SourceDate "2019.09.30"]
[SourceVersion "1"]
[SourceVersionDate "2019.09.30"]
[SourceQuality "1"]

1. e4 e5 2. Nf3 Nc6 3. Bc4 Bc5 4. c3 Nf6 5. d4 exd4 6. cxd4 Bb4+ 7. Nbd2 Nxe4 8. d5 Ne7 9. 0-0 Bxd2 10. Nxd2 Nd6 11. Bd3 0-0 12. Nf3 h6 13. Bc2 Ne8 14. Qd3 Nf6 15. d6 Nc6 16. Bd2 cxd6 17. Bc3 Ne5 18. Nxe5 dxe5 19. Bxe5 g6 20. Rfe1 d6 21. Qxd6 Qxd6 22. Bxd6 Re8 23. Be7 Nd5 24. Bh4 Rxe1+ 25. Rxe1 Be6 26. Bb3 Nf4 27. Bxe6 Nxe6 28. f3 Kg7 29. Bf2 a6 30. Be3 Rc8 31. Rc1 Rxc1+ 32. Bxc1 h5 33. Kf2 Kf6 34. Ke3 Ke5 35. Bd2 Kd5 36. Kd3 b5 37. b3 Nd4 38. Be3 Nf5 39. Bf2 Ng7 40. Bd4 Ne6 41. Be3 Nd8 42. Kc3 f6 43. Bd4 f5 44. Be3 Nc6 45. Bb6 g5 46. Be3 g4 47. fxg4 fxg4 48. h3 Ke4 49. hxg4 hxg4 50. Bf2 Kf4 51. a4 Ke4 52. axb5 axb5 53. Bc5 Kf4 54. Bf2 Ke4 55. Bc5 1/2-1/2

[Event "GER-ch U14"]
[Site "Willingen"]
[Date "2019.06.12"]
[Round "5"]
[White "Roehr, Oliver"]
[Black "Gallasch, Jonas"]
[Result "1/2-1/2"]
[WhiteElo "1960"]
[BlackElo "2137"]
[PlyCount "111"]
[EventDate "2019.06.08"]
[EventType "swiss"]
[EventRounds "9"]
[EventCountry "GER"]
[SourceTitle "CBM 191 Extra"]
[Source "ChessBase"]
[SourceDate "2019.09.30"]
[SourceVersion "1"]
[SourceVersionDate "2019.09.30"]
[SourceQuality "1"]

1. e4 c6 2. d4 d5 3. e5 Bf5 4. h4 h5 5. Bd3 Bxd3 6. Qxd3 e6 7. Bg5 Qb6 8. Nd2 Ne7 9. Ne2 Nd7 10. 0-0 c5 11. c3 Nc6 12. Nf3 Rb8 13. Nf4 Be7 14. Rfb1 cxd4 15. cxd4 Bxg5 16. hxg5 Nb4 17. Qd2 g6 18. a3 Nc6 19. b4 Kf8 20. b5 Ne7 21. Qb4 a5 22. bxa6 bxa6 23. Qe1 Qa7 24. Rxb8+ Nxb8 25. Nd3 Nbc6 26. Qc3 Kg7 27. Rb1 Rc8 28. Qc5 Qxc5 29. dxc5 Rb8 30. Rxb8 Nxb8 31. Nd4 Nec6 32. Nb3 Kf8 33. f4 Ke8 34. Kf2 Kd8 35. Ke3 Kc7 36. g3 Ne7 37. Nb4 Nec6 38. Nxc6 Nxc6 39. Kd3 Kd7 40. Kc3 Kc7 41. Kd3 Kb7 42. Kc3 Na7 43. Nd4 Nc6 44. Nb3 a5 45. a4 Ka6 46. Nd4 Ne7 47. Kd3 Kb7 48. Kc3 Kc7 49. Kd3 Kd7 50. Kc3 Nf5 51. Nxf5 gxf5 52. Kd3 Kc7 53. Kc3 Kb7 54. Kd3 Kc6 55. Kd4 Kd7 56. Kd3 1/2-1/2

[Event "GER-ch U14"]
[Site "Willingen"]
[Date "2019.06.10"]
[Round "3"]
[White "Evering, Soeren"]
[Black "Roehr, Oliver"]
[Result "1-0"]
[WhiteElo "1879"]
[BlackElo "1960"]
[PlyCount "79"]
[EventDate "2019.06.08"]
[EventType "swiss"]
[EventRounds "9"]
[EventCountry "GER"]
[SourceTitle "CBM 191 Extra"]
[Source "ChessBase"]
[SourceDate "2019.09.30"]
[SourceVersion "1"]
[SourceVersionDate "2019.09.30"]
[SourceQuality "1"]

1. e4 e5 2. Nf3 Nc6 3. Bb5 a6 4. Ba4 Nge7 5. 0-0 g6 6. c3 Bg7 7. d4 exd4 8. cxd4 b5 9. Bb3 0-0 10. Nc3 d6 11. h3 Na5 12. Bc2 c5 13. Bf4 Nc4 14. b3 Na5 15. Ne2 Ra7 16. Rc1 c4 17. Qd2 d5 18. e5 Bf5 19. Bh6 Bxc2 20. Bxg7 Kxg7 21. Qxc2 Qd7 22. Nf4 cxb3 23. axb3 Rc8 24. Qb2 Rac7 25. e6 Qd6 26. Rxc7 Qxc7 27. Ne5 f6 28. Ned3 Qc3 29. Qa3 Nac6 30. Rc1 Qxd4 31. Qxa6 Nb4 32. Qb7 Rxc1+ 33. Nxc1 Nbc6 34. Nce2 Qd1+ 35. Kh2 g5 36. Nh5+ Kg6 37. Nhg3 Qxb3 38. Nd4 Nxd4 39. Qxe7 Nxe6 40. Qe8+ 1-0

[Event "Sachsen-Anhalt Verbandsliga 18/19"]
[Site "Sachsen Anhalt"]
[Date "2018.12.16"]
[Round "4.4"]
[White "Roehr, Oliver"]
[Black "Schaefer, Reyk"]
[Result "1/2-1/2"]
[WhiteElo "1878"]
[BlackElo "2118"]
[PlyCount "82"]
[EventDate "2018.10.21"]
[EventType "team-tourn"]
[EventRounds "9"]
[EventCountry "GER"]
[SourceTitle "EXT 2022"]
[Source "ChessBase"]
[SourceDate "2021.10.06"]
[SourceVersion "1"]
[SourceVersionDate "2021.10.06"]
[SourceQuality "1"]
[WhiteTeam "Magdeburg Aufbau Elbe III"]
[BlackTeam "Loeberitz II"]
[WhiteTeamCountry "GER"]
[BlackTeamCountry "GER"]

1. e4 c6 2. c4 d5 3. exd5 cxd5 4. cxd5 Nf6 5. Qa4+ Nbd7 6. Nc3 g6 7. Nf3 Bg7 8. Bc4 0-0 9. d3 Nb6 10. Qb3 Bf5 11. 0-0 Rc8 12. Re1 Nfd7 13. Be3 Nc5 14. Bxc5 Rxc5 15. Qb4 Rc7 16. Nb5 Rd7 17. Ne5 Nxd5 18. Qb3 Bxe5 19. Rxe5 Nf4 20. Nxa7 Qb8 21. Ra5 b6 22. Nc6 Qc7 23. Rxf5 gxf5 24. Qb5 e6 25. Ne5 Rd6 26. Re1 Ng6 27. Re3 Rc8 28. Nxg6 hxg6 29. Qe5 Qc5 30. Kf1 Qxe5 31. Rxe5 Kf8 32. a4 Ra8 33. b3 Ke7 34. f3 f6 35. Re2 Kd7 36. h3 f4 37. Bb5+ Kc7 38. Kf2 e5 39. Re1 Kd8 40. Bc4 Ra7 41. Re2 Rd4 1/2-1/2

[Event "Berlin Lichtenrade op 14th"]
[Site "Berlin"]
[Date "2018.10.29"]
[Round "3"]
[White "Sulayev, Daniel"]
[Black "Roehr, Oliver"]
[Result "1-0"]
[WhiteElo "2007"]
[BlackElo "1840"]
[PlyCount "85"]
[EventDate "2018.10.27"]
[EventType "swiss"]
[EventRounds "9"]
[EventCountry "GER"]
[SourceTitle "CBM 187 Extra"]
[Source "ChessBase"]
[SourceDate "2018.11.04"]
[SourceVersion "1"]
[SourceVersionDate "2018.11.04"]
[SourceQuality "1"]

1. e4 e5 2. Nf3 Nc6 3. Bc4 Bc5 4. 0-0 Nf6 5. d4 Bxd4 6. Nxd4 Nxd4 7. Bg5 d6 8. f4 Be6 9. Na3 Bxc4 10. Nxc4 Ne6 11. fxe5 dxe5 12. Bxf6 gxf6 13. Qxd8+ Rxd8 14. Rxf6 Ke7 15. Raf1 Nf4 16. Rf5 f6 17. g3 Ne2+ 18. Kh1 Rd4 19. Ne3 Rxe4 20. Nd5+ Kd6 21. Nxf6 Rb4 22. R5f2 Rxb2 23. Rxe2 Rxa2 24. Rd1+ Ke6 25. Ng4 Ra5 26. Rde1 Kd7 27. Nxe5+ Kc8 28. Nd3 Rd8 29. Re7 Rd7 30. Kg2 Ra2 31. Re8+ Rd8 32. Rxd8+ Kxd8 33. Rc1 b6 34. Kf3 c5 35. h4 a5 36. g4 c4 37. Ne5 b5 38. Ke4 c3 39. Kd3 b4 40. g5 a4 41. Nc6+ Kd7 42. Nxb4 Rb2 43. Kxc3 1-0

[Event "Lueneburg op-A"]
[Site "Lueneburg"]
[Date "2018.07.06"]
[Round "1"]
[White "Kumsiashvili, Nikoloz"]
[Black "Roehr, Oliver"]
[Result "1-0"]
[WhiteElo "2411"]
[BlackElo "1900"]
[PlyCount "69"]
[EventDate "2018.07.06"]
[EventType "swiss"]
[EventRounds "9"]
[EventCountry "GER"]
[SourceTitle "CBM 185 Extra"]
[Source "ChessBase"]
[SourceDate "2018.07.29"]
[SourceVersion "1"]
[SourceVersionDate "2018.07.29"]
[SourceQuality "1"]

1. d4 Nf6 2. c4 e6 3. Nf3 d5 4. Nc3 Be7 5. cxd5 exd5 6. Bg5 0-0 7. Qc2 Re8 8. e3 Ne4 9. Bxe7 Rxe7 10. Bd3 Nxc3 11. Bxh7+ Kh8 12. bxc3 g6 13. Bxg6 fxg6 14. Qxg6 Rg7 15. Qh6+ Kg8 16. h4 Bg4 17. Ne5 Qd6 18. Qxd6 cxd6 19. Nd3 Nd7 20. f3 Bf5 21. Nf4 Nb6 22. g4 Bd7 23. Kf2 Rc8 24. Rac1 Kf7 25. h5 Kg8 26. Rhg1 Rf8 27. g5 Kh7 28. Rg3 Rf5 29. Rcg1 Bc6 30. h6 Rg8 31. g6+ Kh8 32. Ne6 Rf6 33. g7+ Kh7 34. Ng5+ Kxh6 35. Nf7+ 1-0